| 000 | 00760nam a2200217Ia 4500 | ||
|---|---|---|---|
| 008 | 191130s2000##################000#0#eng## | ||
| 020 | _a9780684800288 | ||
| 022 | _a99037394 | ||
| 040 |
_aACL _cACL |
||
| 082 | _a641.5945 HAZ | ||
| 100 | _aHazan, Giuliano | ||
| 245 |
_aEvery night Italian : 120 simple, delicious recipes you can prepare in 45 minutes or less _cGiuliano Hazan ; color photographs by Dana Gallagher ; illustrations by Glenn Wolff ; foreword by Marcella Hazan |
||
| 260 |
_aNew York _bScribner _cc2000 |
||
| 300 | _a256 p. : ill. (some col.) ; cm | ||
| 500 | _aIncludes indexes | ||
| 650 | _aCooking, Italian | ||
| 650 | _aQuick and easy cooking | ||
| 990 | _a7369777aac10000c45a7754814c8b1f2 | ||
| 991 | _a315119 | ||
| 999 |
_c178523 _d178523 |
||